[Event "XIII Miedzynarodowe Mistrzostwa Gdanska"]
[Site "Gdansk"]
[Date "2011.??.??"]
[Round "2.1"]
[White "Sieklucki, Adam"]
[Black "Cyborowski, Lukasz"]
[Result "0-1"]
[WhiteElo "1848"]
[BlackElo "2537"]
[PlyCount "72"]
[EventDate "2011.??.??"]

1. d4 d6 2. Nf3 Bg4 3. Bf4 Nd7 4. Nbd2 g6 5. h3 Bxf3 6. Nxf3 Bg7 7. e3 Ngf6 8.
Be2 O-O 9. O-O e6 10. c4 Qe7 11. Rc1 e5 12. Bh2 Ne4 13. Qc2 f5 14. Rfd1 exd4
15. exd4 Rae8 16. Bd3 Bh6 17. Rb1 Ndf6 18. b4 g5 19. d5 g4 20. Bxe4 Qxe4 21.
Qxe4 Nxe4 22. Nd4 Nc3 23. Ne6 Rf7 24. c5 Rd7 25. Re1 Bd2 26. Red1 Nxb1 27. Rxb1
dxc5 28. bxc5 c6 29. Nc7 Re1+ 30. Rxe1 Bxe1 31. d6 Bb4 32. Ne6 gxh3 33. Bf4 Kf7
34. Ng5+ Kf6 35. Nf3 Bxc5 36. Ne5 Rxd6 0-1

[Event "XIII Miedzynarodowe Mistrzostwa Gdanska"]
[Site "Gdansk"]
[Date "2011.??.??"]
[Round "2.3"]
[White "Posuniak, Kacper"]
[Black "Sopur, Lech"]
[Result "0-1"]
[WhiteElo "1831"]
[BlackElo "2409"]
[PlyCount "92"]
[EventDate "2011.??.??"]

1. d4 c5 2. e3 cxd4 3. exd4 d5 4. Nf3 Nc6 5. Be2 g6 6. O-O Bg7 7. c3 Nh6 8. Bf4
O-O 9. Nbd2 f6 10. Re1 Nf7 11. Bb5 g5 12. Bg3 Nd6 13. Bxc6 bxc6 14. Qe2 Re8 15.
h3 g4 16. hxg4 Bxg4 17. Qa6 Qd7 18. c4 Bxf3 19. gxf3 Nf5 20. Kg2 Nxd4 21. Rad1
Qf5 22. cxd5 cxd5 23. Qb7 e6 24. Rc1 Bh6 25. f4 Bf8 26. Nb3 Nxb3 27. axb3 Bd6
28. Rc6 Rad8 29. Qxa7 Bxf4 30. Rc3 e5 31. Rh1 Rd7 32. Qa4 Red8 33. Rh4 Bg5 34.
Rh1 d4 35. Qc4+ Kh8 36. Rf3 Qg6 37. Rd3 e4 38. Rdd1 Qf5 39. Qe2 d3 40. Qh5 Rg7
41. f4 Rdg8 42. Rdf1 Qd7 43. Rh3 Bxf4 44. Rxf4 d2 45. Rf1 Qd3 46. Kf2 Qxf1+ 0-1

[Event "XIII Miedzynarodowe Mistrzostwa Gdanska"]
[Site "Gdansk"]
[Date "2011.??.??"]
[Round "2.4"]
[White "Khamitskiy, Sergei"]
[Black "Lukaszuk, Aron"]
[Result "1-0"]
[WhiteElo "2316"]
[BlackElo "1834"]
[PlyCount "77"]
[EventDate "2011.??.??"]

1. d4 Nf6 2. c4 g6 3. Nc3 Bg7 4. e4 d6 5. h3 O-O 6. Nf3 Nc6 7. Bg5 e5 8. dxe5
Nxe5 9. Nxe5 dxe5 10. Qxd8 Rxd8 11. Nd5 Rd6 12. Bxf6 Bxf6 13. Nxc7 Rb8 14. Ne8
Rc6 15. Nxf6+ Rxf6 16. Bd3 Rd6 17. O-O-O Be6 18. b3 Rbd8 19. Bc2 Kf8 20. Kb2 f5
21. c5 Rxd1 22. Rxd1 Rxd1 23. Bxd1 fxe4 24. h4 Bd5 25. g3 Ke7 26. Kc3 h6 27. a3
Kd7 28. b4 b6 29. cxb6 axb6 30. Kd2 Ke6 31. Ke3 Ba2 32. Bc2 Bd5 33. a4 Kd6 34.
Bxe4 g5 35. hxg5 hxg5 36. Bxd5 Kxd5 37. a5 bxa5 38. bxa5 Kc6 39. Ke4 1-0

[Event "XIII Miedzynarodowe Mistrzostwa Gdanska"]
[Site "Gdansk"]
[Date "2011.??.??"]
[Round "2.5"]
[White "Przybylowicz, Kazimierz"]
[Black "Jaroch, Pawel"]
[Result "0-1"]
[WhiteElo "1806"]
[BlackElo "2250"]
[PlyCount "100"]
[EventDate "2011.??.??"]

1. e4 e6 2. d4 d5 3. e5 c5 4. c3 Nc6 5. a3 Qb6 6. Nf3 c4 7. Nbd2 Na5 8. g3 Bd7
9. Bg2 h6 10. O-O O-O-O 11. Re1 Kb8 12. Bf1 f5 13. exf6 gxf6 14. Nh4 Ne7 15.
Bh3 Rg8 16. Qe2 f5 17. Ndf3 Nec6 18. Bf4+ Ka8 19. Ne5 Nxe5 20. Bxe5 Be7 21. Ng2
Nc6 22. Bf4 h5 23. Kh1 Rdf8 24. Qd2 Bf6 25. Bd6 Re8 26. Nf4 Nxd4 27. cxd4 Qxd6
28. Nxh5 Bg5 29. Nf4 Rh8 30. Bg2 Bxf4 31. gxf4 Rh4 32. Re5 Reh8 33. h3 Qf8 34.
b3 Qh6 35. Re3 cxb3 36. Rxb3 Qxf4 37. Qb4 Bc8 38. Rab1 Qxd4 39. Qd6 Qf4 40. Qe7
R4h7 41. Qf6 Qxf2 42. Rc3 Rg8 43. Rxc8+ Rxc8 44. Qxe6 Rch8 45. Rb3 Qd2 46. Re3
a6 47. Re2 Qd1+ 48. Re1 Rxh3+ 49. Bxh3 Rxh3+ 50. Kg2 Qg4+ 0-1

[Event "XIII Miedzynarodowe Mistrzostwa Gdanska"]
[Site "Gdansk"]
[Date "2011.??.??"]
[Round "2.6"]
[White "Bugalski, Michal"]
[Black "Kaczmarek, Alicja"]
[Result "1-0"]
[WhiteElo "2240"]
[BlackElo "1829"]
[PlyCount "89"]
[EventDate "2011.??.??"]

1. e4 c5 2. Nc3 Nc6 3. f4 g6 4. Nf3 Bg7 5. Bb5 d6 6. O-O Bd7 7. d3 e6 8. f5 Nd4
9. Nxd4 Bxd4+ 10. Kh1 Bxb5 11. Nxb5 Bg7 12. fxe6 fxe6 13. Bf4 e5 14. Bg5 Qd7
15. Qf3 Nf6 16. Qh3 Rf8 17. Rf3 a6 18. Nc3 Qxh3 19. Rxh3 h5 20. Bxf6 Bxf6 21.
Rg3 Kf7 22. Nd5 Rae8 23. Rf3 Kg7 24. Raf1 Bd8 25. g3 Rxf3 26. Rxf3 Rf8 27. Kg2
Rf7 28. Re3 b5 29. Re1 b4 30. a3 bxa3 31. b3 Kf8 32. Ra1 Ke8 33. Rxa3 a5 34.
Ra1 Kd7 35. Ne3 Kc6 36. Nc4 d5 37. exd5+ Kxd5 38. Ra4 Ra7 39. Kf3 g5 40. h3
Rf7+ 41. Ke2 Ra7 42. Ne3+ Ke6 43. Nc4 Kd5 44. Nd2 Rf7 45. Ne4 1-0

[Event "XIII Miedzynarodowe Mistrzostwa Gdanska"]
[Site "Gdansk"]
[Date "2011.??.??"]
[Round "2.8"]
[White "Rybak, Tomasz"]
[Black "Dadello, Aleksandra"]
[Result "1-0"]
[WhiteElo "2222"]
[BlackElo "1811"]
[PlyCount "73"]
[EventDate "2011.??.??"]

1. e4 e6 2. d4 d5 3. e5 c5 4. c3 Qb6 5. Nf3 Bd7 6. a3 cxd4 7. cxd4 Bb5 8. Bxb5+
Qxb5 9. Nc3 Qa6 10. Ne2 Ne7 11. O-O Nbc6 12. Nf4 Nf5 13. g4 Nfe7 14. Nh5 h6 15.
Be3 O-O-O 16. b4 g6 17. Nf6 Bg7 18. Qd2 Ng8 19. Rfc1 Kb8 20. a4 Qb6 21. Rab1
Nxf6 22. exf6 Bxf6 23. b5 Na5 24. Bf4+ e5 25. dxe5 Be7 26. e6+ Bd6 27. Be3 Nc4
28. Rxc4 dxc4 29. Bxb6 Bxh2+ 30. Kxh2 Rxd2 31. Nxd2 axb6 32. exf7 c3 33. Nc4
Rf8 34. Ne5 Kc7 35. Rc1 Kd6 36. f4 g5 37. Kg3 1-0

[Event "XIII Miedzynarodowe Mistrzostwa Gdanska"]
[Site "Gdansk"]
[Date "2011.??.??"]
[Round "2.9"]
[White "Bieszk, Stanislaw"]
[Black "Budrewicz, Krzysztof"]
[Result "0-1"]
[WhiteElo "1709"]
[BlackElo "2194"]
[PlyCount "55"]
[EventDate "2011.??.??"]

1. e4 d5 2. exd5 Nf6 3. d4 Nxd5 4. Nf3 g6 5. c4 Nb6 6. Nc3 Bg7 7. Be3 O-O 8. c5
Nd5 9. Nxd5 Qxd5 10. Be2 Nc6 11. O-O Rd8 12. Qb3 Qxb3 13. axb3 Be6 14. Bc4 Bxc4
15. bxc4 Nxd4 16. Nxd4 Bxd4 17. Rfd1 Bxb2 18. Rab1 Bf6 19. g3 b6 20. cxb6 axb6
21. c5 Rxd1+ 22. Rxd1 b5 23. c6 b4 24. Rb1 Ra1 25. Rxa1 Bxa1 26. Bb6 b3 27.
Bxc7 b2 28. Kg2 0-1

[Event "XIII Miedzynarodowe Mistrzostwa Gdanska"]
[Site "Gdansk"]
[Date "2011.??.??"]
[Round "2.10"]
[White "Huseynov, Vusal"]
[Black "Dadello, Andrzej"]
[Result "1-0"]
[WhiteElo "2178"]
[BlackElo "1799"]
[PlyCount "91"]
[EventDate "2011.??.??"]

1. e4 c5 2. Nf3 d6 3. d3 Nf6 4. g3 g6 5. Bg2 Bg7 6. O-O O-O 7. Re1 Nc6 8. c3
Bg4 9. h3 Bd7 10. d4 cxd4 11. cxd4 e6 12. Nc3 Qa5 13. Be3 Rfe8 14. a3 e5 15. b4
Qd8 16. Rc1 Rc8 17. d5 Ne7 18. Qd3 a6 19. a4 Rc7 20. Nd2 Nc8 21. b5 axb5 22.
axb5 b6 23. Nc4 Rb7 24. Ra1 Qc7 25. Rec1 Qb8 26. Na3 Ne7 27. Na2 Rc8 28. Rxc8+
Nxc8 29. Nb4 Ne8 30. Nc6 Bxc6 31. bxc6 Ra7 32. Rb1 Ra4 33. Qb3 Qa8 34. Nc4 Ra1
35. Nxb6 Rxb1+ 36. Qxb1 Qb8 37. Qb2 Nc7 38. Nc4 Qxb2 39. Nxb2 Bf8 40. Kf1 Be7
41. Ke2 Bd8 42. Kd3 Kf8 43. h4 Ke7 44. Bh3 Nxd5 45. exd5 f5 46. Bg5+ 1-0

[Event "XIII Miedzynarodowe Mistrzostwa Gdanska"]
[Site "Gdansk"]
[Date "2011.??.??"]
[Round "2.11"]
[White "Zaleski, Lukasz"]
[Black "Machlowski, Slawomir"]
[Result "0-1"]
[WhiteElo "1706"]
[BlackElo "2159"]
[PlyCount "64"]
[EventDate "2011.??.??"]

1. e4 e6 2. d4 c5 3. d5 exd5 4. exd5 d6 5. Nf3 Ne7 6. c4 Ng6 7. Nc3 Be7 8. Be2
O-O 9. O-O Bg4 10. Re1 Nd7 11. Be3 a6 12. a4 Re8 13. h3 Bxf3 14. Bxf3 Bf6 15.
Qd2 Nde5 16. Be2 Rb8 17. Bf1 Nh4 18. Kh1 Neg6 19. a5 Nf5 20. Bd3 Nxe3 21. Rxe3
Rxe3 22. Qxe3 Bd4 23. Qd2 Qh4 24. Ne4 Nf4 25. Nxd6 Nxh3 26. g3 Nxf2+ 27. Kg2
Qh3+ 28. Kf3 g6 29. Ne4 Qg4+ 30. Kg2 Nxe4 31. Bxe4 Qxe4+ 32. Kh2 Re8 0-1

[Event "XIII Miedzynarodowe Mistrzostwa Gdanska"]
[Site "Gdansk"]
[Date "2011.??.??"]
[Round "2.12"]
[White "Zielinski, Stanislaw"]
[Black "Czajkowski, Adam"]
[Result "1-0"]
[WhiteElo "2155"]
[BlackElo "1761"]
[PlyCount "92"]
[EventDate "2011.??.??"]

1. e4 c5 2. Nc3 e6 3. Bc4 a6 4. d3 Nc6 5. f4 b5 6. Bb3 Be7 7. Nf3 Nf6 8. e5 Ng4
9. Ng5 f5 10. h3 Bxg5 11. hxg4 Bh4+ 12. Kf1 Be7 13. gxf5 exf5 14. Bd5 Bb7 15.
g4 Qc7 16. gxf5 O-O-O 17. Be4 Nd4 18. Be3 Nxf5 19. Bxf5 Bxh1 20. Be4 Bxe4 21.
dxe4 Rhf8 22. Qd5 Qc6 23. e6 Kb7 24. exd7 Rxd7 25. Qxc6+ Kxc6 26. Ke2 Bf6 27.
e5 Bd8 28. Ne4 Bb6 29. Rh1 h6 30. Rg1 Ba7 31. Rg6+ Kd5 32. Nc3+ Kc4 33. Rxa6 b4
34. Ne4 Kb5 35. Rg6 c4 36. Nd6+ Rxd6 37. Rxd6 Bxe3 38. Kxe3 g5 39. fxg5 hxg5
40. Rg6 Kc5 41. Rxg5 Kd5 42. e6+ Kxe6 43. Rb5 Ra8 44. Rxb4 Rxa2 45. Kd4 Kd6 46.
Kxc4 Ra5 1-0

[Event "XIII Miedzynarodowe Mistrzostwa Gdanska"]
[Site "Gdansk"]
[Date "2011.??.??"]
[Round "2.14"]
[White "Kobus, Sebastian"]
[Black "Cichocka, Urszula"]
[Result "1/2-1/2"]
[WhiteElo "2104"]
[BlackElo "1721"]
[PlyCount "120"]
[EventDate "2011.??.??"]

1. e4 e6 2. d4 d5 3. exd5 exd5 4. Bd3 Bd6 5. Qf3 c6 6. Ne2 Be6 7. O-O Nf6 8.
Bg5 Nbd7 9. Nf4 Bxf4 10. Bxf4 O-O 11. Nd2 Rc8 12. c3 Bg4 13. Qg3 Bh5 14. Rfe1
Qb6 15. Nb3 Bg6 16. Bd6 Rfd8 17. Bxg6 hxg6 18. Be5 Re8 19. Qd3 Ne4 20. Bf4 Nef6
21. h3 Kh8 22. Qc2 Ne4 23. Re2 Qa6 24. Rae1 b6 25. a3 c5 26. dxc5 bxc5 27. Nd2
Nef6 28. Nf3 Rxe2 29. Qxe2 Qc6 30. Ng5 Kg8 31. Qe7 Rf8 32. Qd6 Qxd6 33. Bxd6
Re8 34. Kf1 c4 35. Rd1 Nb6 36. Rd2 Ne4 37. Nxe4 Rxe4 38. Bc5 Re5 39. Bd4 Re6
40. f3 f6 41. Kf2 Kf7 42. g4 g5 43. Kg3 Ke7 44. Bc5+ Kf7 45. f4 gxf4+ 46. Kxf4
Re4+ 47. Kf3 Re6 48. h4 Kg6 49. Be3 Kf7 50. Bd4 Kg6 51. Rg2 Re1 52. g5 f5 53.
Be3 Nd7 54. Bd4 Ne5+ 55. Bxe5 Rxe5 56. h5+ Kxh5 57. Kf4 Re4+ 58. Kxf5 g6+ 59.
Kf6 Rf4+ 60. Ke6 Rf5 1/2-1/2

[Event "XIII Miedzynarodowe Mistrzostwa Gdanska"]
[Site "Gdansk"]
[Date "2011.??.??"]
[Round "2.15"]
[White "Baran, Dawid"]
[Black "Zielinski, Wojciech"]
[Result "0-1"]
[WhiteElo "1679"]
[BlackElo "2097"]
[PlyCount "75"]
[EventDate "2011.??.??"]

1. e4 e6 2. d4 d5 3. exd5 exd5 4. Bd3 c5 5. c3 Nf6 6. Nf3 Bd6 7. Bg5 Bg4 8. O-O
O-O 9. Nbd2 Nc6 10. Qa4 c4 11. Bb1 Bh5 12. Qb5 $11 12... a6 13. Qa4 Re8 14. Qc2
Bg6 15. Qd1 Qd7 16. Bxf6 gxf6 17. Bxg6 hxg6 18. Qc2 Kg7 19. Rfe1 Rh8 20. Nf1
Rh7 21. Ng3 Rah8 22. Re2 Nd8 23. b3 b5 24. bxc4 bxc4 25. Rb1 Ne6 26. Rb6 Nf4
27. Rd2 a5 28. a4 Nd3 29. Rb5 Bc7 30. Re2 Nf4 31. Rd2 Nd3 32. Re2 g5 33. Rb7 g4
34. Rxc7 Qxc7 35. Nf5+ Kf8 36. Re7 Rxh2 37. N3h4 R2xh4 38. Rxc7 0-1

[Event "XIII Miedzynarodowe Mistrzostwa Gdanska"]
[Site "Gdansk"]
[Date "2011.??.??"]
[Round "2.16"]
[White "Marszk, Kazimierz"]
[Black "Suliborski, Artur"]
[Result "1-0"]
[WhiteElo "2076"]
[BlackElo "1707"]
[PlyCount "91"]
[EventDate "2011.??.??"]

1. e4 c5 2. Nf3 e6 3. d4 cxd4 4. Nxd4 Nf6 5. Bd3 Nc6 6. c3 d6 7. O-O Be7 8. Be3
O-O 9. f4 e5 10. Nxc6 bxc6 11. Kh1 Ng4 12. Bg1 exf4 13. Rxf4 Ne5 14. Bd4 Bg5
15. Rf1 a5 16. Be2 Ng6 17. Nd2 Nf4 18. Re1 Re8 19. Bf1 Rb8 20. Qc2 Ne6 21. Nf3
Bh6 22. Rad1 c5 23. Bf2 Qb6 24. b3 Rd8 25. Bc4 Ba6 26. Bd5 Nf4 27. c4 Bc8 28.
e5 Nxd5 29. cxd5 Bg4 30. exd6 Bxf3 31. gxf3 Qxd6 32. Bxc5 Rbc8 33. Bxd6 Rxc2
34. Be7 Rd7 35. Bg5 f6 36. Bxh6 gxh6 37. Rg1+ Kf7 38. Rg2 Rc3 39. Rf2 Rc5 40.
Rfd2 f5 41. Kg2 Kf6 42. Kf2 Rd6 43. Rd4 Rc2+ 44. Ke3 Rc3+ 45. R4d3 Rc5 46. Kf4
1-0

[Event "XIII Miedzynarodowe Mistrzostwa Gdanska"]
[Site "Gdansk"]
[Date "2011.??.??"]
[Round "2.17"]
[White "Rak, Tomasz"]
[Black "Dzikowski, Michal"]
[Result "0-1"]
[WhiteElo "2067"]
[BlackElo "1706"]
[PlyCount "104"]
[EventDate "2011.??.??"]

1. Nf3 b6 2. d4 Nf6 3. Bf4 e6 4. Nbd2 Bb7 5. e3 c5 6. Bd3 Be7 7. Qe2 d5 8. c3
Nc6 9. Rd1 Qc8 10. Ne5 Nd7 11. Bg3 Ncxe5 12. dxe5 c4 13. Bb1 b5 14. e4 Nc5 15.
exd5 Bxd5 16. O-O Qb7 17. f4 O-O-O 18. b4 Na4 19. Ne4 Kb8 20. Rd4 Bxe4 21. Bxe4
Nxc3 22. Qc2 Nxe4 23. Rxe4 Rd3 24. Re2 Rhd8 25. f5 Bxb4 26. Bf4 Bc5+ 27. Kh1 h6
28. a4 a6 29. axb5 axb5 30. Rb1 c3 31. fxe6 fxe6 32. Qb3 R8d5 33. h3 b4 34. Kh2
g5 35. Bg3 Rd2 36. Qc4 Rxe2 37. Qxe2 Rd2 38. Qf1 c2 39. Rc1 b3 40. Be1 Rd1 41.
Qc4 Rxc1 42. Qxc5 Rxe1 43. Qd6+ Ka7 44. Qa3+ Qa6 45. Qe7+ Kb6 46. Qd6+ Kb5 47.
Qd3+ Ka5 48. Qc3+ Ka4 49. Qxe1 Qd3 50. Qg1 Kb4 51. Qb6+ Ka4 52. Qa6+ Qxa6 0-1

[Event "XIII Miedzynarodowe Mistrzostwa Gdanska"]
[Site "Gdansk"]
[Date "2011.??.??"]
[Round "2.18"]
[White "Kindler, Przemyslaw"]
[Black "Zielinski, Maciej"]
[Result "1/2-1/2"]
[WhiteElo "1666"]
[BlackElo "2060"]
[PlyCount "39"]
[EventDate "2011.??.??"]

1. e4 e5 2. Nf3 Nc6 3. Bc4 Bc5 4. c3 Nf6 5. d4 exd4 6. cxd4 Bb4+ 7. Bd2 Bxd2+
8. Nbxd2 d5 9. exd5 Nxd5 10. O-O O-O 11. Ne4 Bg4 12. h3 Bxf3 13. Qxf3 Nb6 14.
Bd3 Nxd4 15. Qg3 f5 16. Nc5 Qd5 17. Rac1 Rf6 18. f3 Re8 19. Qf2 Rd8 20. Rfd1
1/2-1/2

[Event "XIII Miedzynarodowe Mistrzostwa Gdanska"]
[Site "Gdansk"]
[Date "2011.??.??"]
[Round "2.19"]
[White "Skrochocka, Justyna"]
[Black "Kotlowska, Anna"]
[Result "1-0"]
[WhiteElo "2041"]
[BlackElo "1689"]
[PlyCount "89"]
[EventDate "2011.??.??"]

1. e4 e5 2. Nf3 Nc6 3. Bb5 a6 4. Ba4 Be7 5. O-O b5 6. Bb3 Nf6 7. Re1 d6 8. c3
O-O 9. h3 Na5 10. Bc2 c5 11. d4 Qc7 12. Nbd2 b4 13. Nf1 bxc3 14. bxc3 cxd4 15.
cxd4 Rb8 16. Rb1 Bd7 17. Ne3 Rxb1 18. Bxb1 Qb7 19. Bd2 Nc6 20. Bc3 exd4 21.
Nxd4 Ne5 22. Ndf5 Bxf5 23. Nxf5 Qc7 24. f4 Ng6 25. Qf3 Re8 26. Bd4 Qc4 27.
Nxe7+ Rxe7 28. Bxf6 gxf6 29. Qg3 Kh8 30. Kh1 f5 31. exf5 Rxe1+ 32. Qxe1 Nxf4
33. f6 Ne6 34. Bf5 Qxa2 35. Qc3 Nd8 36. Bc2 Qe6 37. Qd3 Qe1+ 38. Kh2 Qe5+ 39.
g3 Qh5 40. Qe4 Qg6 41. Qe8+ Qg8 42. Qd7 Qf8 43. Qf5 Qg8 44. Qd7 Qf8 45. Qc8 1-0

[Event "XIII Miedzynarodowe Mistrzostwa Gdanska"]
[Site "Gdansk"]
[Date "2011.??.??"]
[Round "2.20"]
[White "Mucha, Marek"]
[Black "Reza, Wojciech"]
[Result "1/2-1/2"]
[WhiteElo "1617"]
[BlackElo "2026"]
[PlyCount "68"]
[EventDate "2011.??.??"]

1. b3 e5 2. Bb2 Nc6 3. c4 g6 4. g3 Bg7 5. Bg2 Nge7 6. e3 d5 7. d4 exd4 8. exd4
dxc4 9. Ne2 cxb3 10. axb3 O-O 11. O-O Nb4 12. Nbc3 Ned5 13. Ne4 Re8 14. Qd2 Bf5
15. N2c3 c6 16. Rfe1 Nxc3 17. Bxc3 Nd5 18. Bb2 Qb6 19. Nc5 Rad8 20. h4 Rxe1+
21. Qxe1 Bf6 22. Qe2 Nc7 23. Qc4 Ne6 24. Na4 Qa5 25. Nc3 Qc7 26. d5 cxd5 27.
Nxd5 Rxd5 28. Bxf6 Rc5 29. Qa4 Rc1+ 30. Rxc1 Qxc1+ 31. Kh2 Qc5 32. Qe8+ Qf8 33.
Qb5 b6 34. f4 Qc8 1/2-1/2

[Event "XIII Miedzynarodowe Mistrzostwa Gdanska"]
[Site "Gdansk"]
[Date "2011.??.??"]
[Round "2.21"]
[White "Tyda, Krzysztof"]
[Black "Posnik, Andrzej"]
[Result "1-0"]
[WhiteElo "2016"]
[BlackElo "1669"]
[PlyCount "47"]
[EventDate "2011.??.??"]

1. d4 d5 2. c4 e6 3. Nc3 Be7 4. Nf3 Nf6 5. Bg5 O-O 6. e3 h6 7. Bh4 b6 8. Rc1
Bb7 9. cxd5 exd5 10. Bd3 Nbd7 11. O-O Ne4 12. Bxe7 Qxe7 13. Qe2 Ndf6 14. Ne5 c5
15. f3 cxd4 16. exd4 Nxc3 17. bxc3 a6 18. Rfe1 Rfc8 19. Bb1 Qf8 20. Qd3 g6 21.
Nxg6 fxg6 22. Qxg6+ Kh8 23. Re6 Rc6 24. Rxf6 1-0

[Event "XIII Miedzynarodowe Mistrzostwa Gdanska"]
[Site "Gdansk"]
[Date "2011.??.??"]
[Round "2.22"]
[White "Garbowski, Jakub"]
[Black "Wierzbicka, Wiktoria"]
[Result "0-1"]
[WhiteElo "1570"]
[BlackElo "2014"]
[PlyCount "68"]
[EventDate "2011.??.??"]

1. e4 c5 2. Nf3 Nc6 3. d3 e6 4. Nbd2 Nf6 5. g3 Be7 6. Bg2 d6 7. O-O O-O 8. Re1
Qc7 9. c3 b5 10. Nf1 Bb7 11. d4 cxd4 12. Nxd4 Nxd4 13. Qxd4 Nd7 14. Bd2 Nc5 15.
Rad1 Rac8 16. Bc1 Rfd8 17. Qe3 a5 18. Qe2 Ba6 19. Qc2 b4 20. cxb4 Nd3 21. Qxc7
Rxc7 22. Rxd3 Bxd3 23. bxa5 Bf6 24. Rd1 Bc2 25. Rd2 Ba4 26. b3 Rxc1 27. bxa4
Bc3 28. Rd3 Bxa5 29. Rb3 Rdc8 30. Rb5 R1c5 31. Rb7 Rc4 32. Rd7 Bc7 33. a5 Kf8
34. Ne3 Rc1+ 0-1

[Event "XIII Miedzynarodowe Mistrzostwa Gdanska"]
[Site "Gdansk"]
[Date "2011.??.??"]
[Round "2.23"]
[White "Grajczak, Adrian"]
[Black "Moszczenski, Milosz"]
[Result "1/2-1/2"]
[WhiteElo "2000"]
[BlackElo "1631"]
[PlyCount "77"]
[EventDate "2011.??.??"]

1. e4 c5 2. Nf3 e6 3. d4 cxd4 4. Nxd4 a6 5. Bc4 b5 6. Bb3 Bb7 7. Qe2 Bc5 8. c3
d6 9. O-O Nf6 10. Bg5 O-O 11. Nd2 Nbd7 12. Bc2 Rc8 13. N4b3 Bb6 14. Bd3 Ne5 15.
Kh1 Ng6 16. a4 bxa4 17. Rxa4 h6 18. Bxf6 Qxf6 19. Bxa6 Ra8 20. Bb5 Nf4 21. Qf3
Qg5 22. Rb4 Bc5 23. Rc4 Rfc8 24. Qg3 Qf6 25. f3 Qe5 26. Ra4 Be3 27. Rb4 d5 28.
Re1 Bxd2 29. Nxd2 Qc7 30. e5 Ng6 31. Rg4 Ra2 32. Rb1 Qb6 33. Rb4 Qe3 34. Nf1
Qxe5 35. f4 Qc7 36. Ne3 Ne7 37. Ng4 Nf5 38. Qd3 d4 39. Rc4 1/2-1/2

[Event "XIII Miedzynarodowe Mistrzostwa Gdanska"]
[Site "Gdansk"]
[Date "2011.??.??"]
[Round "2.24"]
[White "Grabarczyk, Sylwester"]
[Black "Jenczyk, Piotr"]
[Result "0-1"]
[WhiteElo "1971"]
[BlackElo "1581"]
[PlyCount "71"]
[EventDate "2011.??.??"]

1. d4 Nf6 2. c4 e6 3. Nc3 d5 4. Bg5 Be7 5. Nf3 b6 6. e3 Bb7 7. cxd5 Nxd5 8.
Bb5+ c6 9. Bxe7 Qxe7 10. Ba4 Nd7 11. Rc1 Rc8 12. O-O O-O 13. Re1 Rfd8 14. e4
N5f6 15. Qe2 b5 16. Bc2 Nb6 17. e5 Nfd5 18. Qe4 g6 19. Nxd5 Nxd5 20. Qg4 c5 21.
dxc5 Rxc5 22. Bb1 Rdc8 23. Rxc5 Rxc5 24. Nd2 Qc7 25. Nb3 Rc4 26. Qg5 Nf4 27. f3
Bxf3 28. Nd2 Qc5+ 29. Kf1 Bxg2+ 30. Qxg2 Nxg2 31. Kxg2 Qd5+ 32. Nf3 Rg4+ 33.
Kf2 Qc5+ 34. Kf1 Qb4 35. b3 Qc3 36. Be4 0-1

[Event "XIII Miedzynarodowe Mistrzostwa Gdanska"]
[Site "Gdansk"]
[Date "2011.??.??"]
[Round "2.25"]
[White "Smalara, Kazimierz"]
[Black "Wisniewski, Szymon"]
[Result "1/2-1/2"]
[WhiteElo "1956"]
[BlackElo "1554"]
[PlyCount "52"]
[EventDate "2011.??.??"]

1. d4 Nf6 2. c4 g6 3. Nc3 Bg7 4. e4 d6 5. f3 O-O 6. Bg5 Nbd7 7. Qd2 e5 8. d5 a5
9. Bd3 Nc5 10. Bc2 Bd7 11. Nge2 Rb8 12. O-O Qe8 13. Rfb1 Nh5 14. g4 Nf6 15. Ng3
Kh8 16. Rf1 Rg8 17. Kh1 Qf8 18. h3 h6 19. Be3 b6 20. g5 hxg5 21. Bxg5 Nh5 22.
Nce2 Kh7 23. Rg1 Nxg3+ 24. Rxg3 Bh6 25. h4 Bxg5 26. hxg5 Kg7 1/2-1/2

[Event "XIII Miedzynarodowe Mistrzostwa Gdanska"]
[Site "Gdansk"]
[Date "2011.??.??"]
[Round "2.26"]
[White "Bobryk, Konrad"]
[Black "Ulanowski, Karol"]
[Result "0-1"]
[WhiteElo "1548"]
[BlackElo "1938"]
[PlyCount "78"]
[EventDate "2011.??.??"]

1. d4 Nf6 2. c4 g6 3. Nc3 Bg7 4. e4 d6 5. f3 O-O 6. Be3 e5 7. d5 Nbd7 8. Bd3 c6
9. Qd2 cxd5 10. cxd5 a6 11. Nge2 b5 12. Bh6 b4 13. Na4 Nxe4 14. fxe4 Qh4+ 15.
Ng3 Bxh6 16. Qxb4 Bf4 17. O-O Nf6 18. Be2 a5 19. Qa3 Nxe4 20. Rf3 Bxg3 21. hxg3
Qe7 22. Bd3 Qa7+ 23. Kh2 Nf2 24. Rf1 Nxd3 25. Rxd3 Ba6 26. Rdf3 Bxf1 27. Rxf1
Rac8 28. Qxd6 Qd4 29. Nb6 Rcd8 30. Qf6 Qxb2 31. Nc4 Qb5 32. Nxe5 Qxd5 33. Nc6
Qh5+ 34. Kg1 Qc5+ 35. Kh2 Rde8 36. Nd4 Re5 37. Nf3 Rh5+ 38. Nh4 Qe5 39. Qf3
Rxh4+ 0-1

[Event "XIII Miedzynarodowe Mistrzostwa Gdanska"]
[Site "Gdansk"]
[Date "2011.??.??"]
[Round "2.28"]
[White "Kaczanowski, Pawel"]
[Black "Les, Czeslaw"]
[Result "0-1"]
[WhiteElo "1519"]
[BlackElo "1924"]
[PlyCount "60"]
[EventDate "2011.??.??"]

1. e4 d5 2. exd5 Nf6 3. Bc4 g6 4. Nf3 Bg7 5. d4 O-O 6. Nc3 Nbd7 7. Bg5 Nb6 8.
Bb3 a5 9. Bxf6 exf6 10. a4 Re8+ 11. Ne2 Bg4 12. Qd3 Nxd5 13. Bxd5 Qxd5 14. O-O
Bh6 15. Nc3 Qd7 16. Rfe1 Bf5 17. Qb5 c6 18. Rxe8+ Qxe8 19. Qxb7 Rb8 20. Qc7
Rxb2 21. Re1 Qd7 22. Qxa5 Rxc2 23. d5 Bf4 24. dxc6 Qxc6 25. Nd5 Bd6 26. Qd8+
Kg7 27. Qxf6+ Kh6 28. Ne3 Bxh2+ 29. Kxh2 Qxf6 30. Nxc2 Bxc2 0-1

[Event "XIII Miedzynarodowe Mistrzostwa Gdanska"]
[Site "Gdansk"]
[Date "2011.??.??"]
[Round "2.30"]
[White "Teclaf, Pawel"]
[Black "Parol, Pawel"]
[Result "1/2-1/2"]
[WhiteElo "1509"]
[BlackElo "1918"]
[PlyCount "78"]
[EventDate "2011.??.??"]

1. e4 e6 2. d4 d5 3. exd5 exd5 4. Bd3 Nc6 5. c3 Bd6 6. Ne2 Qf6 7. Be3 Nge7 8.
Nd2 Bf5 9. Nf3 h6 10. Qc2 O-O-O 11. O-O-O Rhe8 12. Ng3 Bg4 13. Be2 Nf5 14. Nxf5
Bxf5 15. Bd3 Bg4 16. Be2 Re6 17. h3 Bf5 18. Bd3 Bxd3 19. Qxd3 Na5 20. Nd2 Bf8
21. Nb3 Nc4 22. Nd2 Nxd2 23. Rxd2 Rde8 24. Re1 Bd6 25. Rde2 c6 26. Bd2 Kd7 27.
Rxe6 Rxe6 28. Rxe6 Qxe6 29. Qe3 Qg6 30. g4 f5 31. Qf3 fxg4 32. Qxg4+ Qxg4 33.
hxg4 Ke6 34. Kd1 Bf8 35. Ke2 g6 36. Kf3 Kf6 37. Kg3 b6 38. g5+ hxg5 39. Kg4 Bh6
1/2-1/2